Magnetic iron ores of East Tennessee and western North Carolina, (Record no. 26326)

MARC details
000 -LEADER
fixed length control field 01091cam a22002651 4500
001 - CONTROL NUMBER
control field gs 24000185
003 - CONTROL NUMBER IDENTIFIER
control field DLC
005 - DATE AND TIME OF LATEST TRANSACTION
control field 20260227111328.0
008 - FIXED-LENGTH DATA ELEMENTS--GENERAL INFORMATION
fixed length control field 751211s1923 ncuabde s s000 0 eng
010 ## - LIBRARY OF CONGRESS CONTROL NUMBER
LC control number gs 24000185
035 ## - SYSTEM CONTROL NUMBER
System control number (OCoLC)1892634
040 ## - CATALOGING SOURCE
Original cataloging agency DLC
Transcribing agency OT
Modifying agency DLC
042 ## - AUTHENTICATION CODE
Authentication code premarc
050 00 - LIBRARY OF CONGRESS CALL NUMBER
Classification number TN403.T4
Item number B3
100 1# - MAIN ENTRY--PERSONAL NAME
Personal name Bayley, William Shirley,
Dates associated with a name 1861-1943.
245 10 - TITLE STATEMENT
Title Magnetic iron ores of East Tennessee and western North Carolina,
Statement of responsibility, etc. by W. S. Bayley ...
260 ## - PUBLICATION, DISTRIBUTION, ETC.
Place of publication, distribution, etc. [Chapel Hill]
Name of publisher, distributor, etc. North Carolina Geological and economic survey,
Date of publication, distribution, etc. 1923.
300 ## - PHYSICAL DESCRIPTION
Extent 252 p.
Other physical details illus., XXII pl., maps, plans, tables.
Dimensions 23 cm.
410 10 - SERIES STATEMENT/ADDED ENTRY--CORPORATE NAME [OBSOLETE, CAN/MARC], [LOCAL, USA]
Corporate name or jurisdiction name as entry element North Carolina.
Subordinate unit Geological and economic survey.
Title of a work Bulletin
Volume number/sequential designation no. 32
500 ## - GENERAL NOTE
General note Prepared by North Carolina Geological and economic survey and the Tennessee Geological survey in cooperation with the U. S. Geological survey.
500 ## - GENERAL NOTE
General note Also issued as: Tennessee. Geological survey. Bulletin 29.
650 #0 - SUBJECT ADDED ENTRY--TOPICAL TERM
Topical term or geographic name entry element Iron ores
Geographic subdivision North Carolina.
650 #0 - SUBJECT ADDED ENTRY--TOPICAL TERM
Topical term or geographic name entry element Iron ores
Geographic subdivision Tennessee.
710 1# - ADDED ENTRY--CORPORATE NAME
Corporate name or jurisdiction name as entry element Tennessee.
Subordinate unit Division of Geology.
Title of a work Bulletin.

No items available.

Powered by Koha